Child Sexual Abuse: (Record no. 1435994)

MARC details
000 -LEADER
fixed length control field 00879 a2200277 4500
005 - DATE AND TIME OF LATEST TRANSACTION
control field 20260408145311.0
008 - FIXED-LENGTH DATA ELEMENTS--GENERAL INFORMATION
fixed length control field 260408b |||||||| |||| 00| 0 eng d
020 ## - INTERNATIONAL STANDARD BOOK NUMBER
International Standard Book Number 9781032702223 (pbk)
037 ## - SOURCE OF ACQUISITION
Terms of availability TB
040 ## - CATALOGING SOURCE
Original cataloging agency CRL
Transcribing agency CRL
041 ## - LANGUAGE CODE
Source of code eng
Language code of text/sound track or separate title eng
084 ## - COLON CLASSIFICATION NUMBER
Classification number S1:55:(Y:44) R6
Assigning agency CRL
245 ## - TITLE STATEMENT
Title Child Sexual Abuse:
Remainder of title Why Children disclose or Deny Being Abused
250 ## - EDITION STATEMENT
Edition statement 2nd
260 ## - PUBLICATION, DISTRIBUTION, ETC.
Place of publication, distribution, etc. New York, USA:
Name of publisher, distributor, etc. Routledge,
Date of publication, distribution, etc. 2026.
300 ## - PHYSICAL DESCRIPTION
Extent 339p.
365 ## - TRADE PRICE
Price amount 57.99
Currency code GBP
650 ## - SUBJECT ADDED ENTRY--TOPICAL TERM
Topical term or geographic name entry element Child Psychology
650 ## - SUBJECT ADDED ENTRY--TOPICAL TERM
Topical term or geographic name entry element Sex
650 ## - SUBJECT ADDED ENTRY--TOPICAL TERM
Topical term or geographic name entry element Sociology
700 ## - ADDED ENTRY--PERSONAL NAME
Personal name Lamb, Michael E.
Relator term Editor,
9 (RLIN) 852521
700 ## - ADDED ENTRY--PERSONAL NAME
Personal name Hershkowitz, Irit
Relator term Editor,
9 (RLIN) 1234361
700 ## - ADDED ENTRY--PERSONAL NAME
Personal name Pipe, Margaret Ellen
Relator term Editor,
9 (RLIN) 1234362
942 ## - ADDED ENTRY ELEMENTS (KOHA)
Koha item type Textbook
Source of classification or shelving scheme Colon Classification (CC)
Classification part S1:55:(Y:44) R6
Holdings
Withdrawn status Lost status Source of classification or shelving scheme Damaged status Not for loan Home library Current library Date acquired Source of acquisition Cost, normal purchase price Inventory number Total Checkouts Full call number Barcode Date last seen Cost, replacement price Price effective from Koha item type
    Colon Classification (CC)     Central Library Central Library 2026-04-08 International Book Distributors 5694.15 1224691 & 07/02/2026   S1:55:(Y:44) R6 CL1925962 2026-02-11 7117.69 2026-02-11 Textbook
Copyright @ Delhi University Library System